000 00813nam a22002292 4500
001 0000008449
005 20151217152033.0
008 080411s xx 000 0 eng d
020 _a0761994769 :
_cKES 2400
040 _aKABU
_cKABU
100 1 _aMelkote, Srinivas R.
_@0000159016
245 1 0 _aCommunication for development in the Third World :
_btheory and practice for empowerment /
_cSrinivas R. Melkote, H. Leslie Steeves.
250 _a2nd ed.
260 _aLondon :
_bSAGE,
_c2001.
300 _a422 p.
650 0 _aCommunication in economic development
_zDeveloping countries.
_@0000159017
650 0 _aDeveloping countries
_xEconomic policy.
_@0000159018
700 1 _aSteeves, H. Leslie.
_@0000159019
908 _a080411
950 _@1
999 _c7573
_d7573